Unfallverhütung in der Schweisstechnik /

Enregistré dans:
Détails bibliographiques
Auteurs principaux: Röbenack, K.D (Auteur), Weikert, F (Auteur)
Format: Livre
Langue:allemand
Publié: Düsseldorf : DVS, 1991
Sujets:
Tags: Ajouter un tag
Pas de tags, Soyez le premier à ajouter un tag!

MARC

LEADER 00000nam a22000003a 4500
001 stu44586
005 20150617225718.5
008 950505s1991----gw------------------ger-d
020 |a 3-87155-524-X 
040 |a STU  |b slo 
041 0 |a ger 
044 |a gw 
080 |a 621.791 
100 1 |a Röbenack, K.D  |4 aut 
245 1 |a Unfallverhütung in der Schweisstechnik /  |c [aut.]K.D. Röbenack, F. Weikert 
260 |a Düsseldorf :  |b DVS,  |c 1991 
300 |a 130 s 
650 7 |a zváranie  |2 stusub 
700 1 |a Weikert, F  |4 aut 
996 |b 284M025736  |c M*9132-1  |l MMKN  |s A  |a 24  |w stu44586_0001